| LEADER |
00986nam0a2200205 450 |
| 001 |
16868186 |
| 010 |
|
|
|a 978-2-7021-6354-2Â
|b br.Â
|d 19,5 €Â
|
| 100 |
|
|
|a 20190129d2019 u u0frey01 baÂ
|
| 101 |
0 |
|
|a freÂ
|
| 102 |
|
|
|a FRÂ
|
| 200 |
0 |
|
|a Terminus GarabitÂ
|f Sylvie BaronÂ
|
| 207 |
|
1 |
|a Â
|
| 210 |
|
|
|a ParisÂ
|b 3 Rue Auber.Â
|c Calmann-LévyÂ
|d 2019Â
|
| 215 |
|
|
|a 1 vol. (320 p.)Â
|d 23 x 15 cmÂ
|
| 225 |
1 |
|
|a TerritoiresÂ
|x 2116-1259Â
|
| 330 |
|
|
|a Marc demande sa mutation pour rejoindre le lycée de Saint-Flour, près de Garabit, le village au pied du viaduc où il passait autrefois ses vacances. Il y recherche ses amis d'enfance, Gloria et Pauline, qui vivaient avec leur père cheminot dans l'ancienne gare désaffectée, et Simon, le fils de l'épicier. Il apprend alors qu'un dramatique accident a laissé Gloria paralysée.Â
|
| 700 |
|
0 |
|a BaronÂ
|b SylvieÂ
|4Â 70Â
|
| 900 |
|
|
|a RomanÂ
|
| 901 |
|
|
|a AdultesÂ
|
| 995 |
|
|
|a MédiathèqueÂ
|c MédiathèqueÂ
|f 00156012293700Â
|h 00156012293700Â
|k R BARÂ
|o pÂ
|q aÂ
|r azÂ
|e MédiathèqueÂ
|